[Event "ALG-chT"]
[Site "Ain Oulmane"]
[Date "2019.11.04"]
[Round "6.1"]
[White "Brahami, Yanis"]
[Black "Ghlib, Boutouchent"]
[Result "0-1"]
[WhiteElo "1368"]
[BlackElo "2104"]
[PlyCount "68"]
[EventDate "2019.11.01"]
[EventType "team-swiss"]
[EventRounds "9"]
[EventCountry "ALG"]
[SourceTitle "EXT 2021"]
[Source "ChessBase"]
[SourceDate "2020.10.23"]
[SourceVersion "1"]
[SourceVersionDate "2020.10.23"]
[SourceQuality "1"]
[WhiteTeam "Aokas"]
[BlackTeam "Sidi Bel Abes Sporting"]
[WhiteTeamCountry "ALG"]
[BlackTeamCountry "ALG"]

1. d4 Nf6 2. Bf4 d5 3. e3 c5 4. c3 Nc6 5. Nf3 Qb6 6. b3 Bg4 7. Be2 e6 8. Nbd2 Rc8 9. Bg3 cxd4 10. cxd4 Ba3 11. 0-0 0-0 12. Ne5 Nxe5 13. dxe5 Bxe2 14. Qxe2 Nd7 15. Nf3 Nc5 16. Nd4 Ne4 17. Bh4 f5 18. exf6 Nxf6 19. f3 a6 20. Bf2 e5 21. Nc2 Bb2 22. Rab1 Bc3 23. Be1 d4 24. exd4 exd4 25. Qd3 Rfd8 26. Bxc3 Rxc3 27. Qd2 d3+ 28. Qe3 Qd6 29. Ne1 Re8 30. Qd2 Qc5+ 31. Kh1 Re2 32. Qd1 Qe3 33. b4 Rxa2 34. Rb3 Qe2 0-1

[Event "Tipaza U2200 op"]
[Site "Tipaza"]
[Date "2019.05.03"]
[Round "7"]
[White "Ghlib, Boutouchent"]
[Black "Araoune, Saadi"]
[Result "1-0"]
[WhiteElo "2071"]
[BlackElo "2030"]
[PlyCount "39"]
[EventDate "2019.05.01"]
[EventType "swiss"]
[EventRounds "9"]
[EventCountry "ALG"]
[SourceTitle "CBM 190 Extra"]
[Source "ChessBase"]
[SourceDate "2019.07.15"]
[SourceVersion "1"]
[SourceVersionDate "2019.07.15"]
[SourceQuality "1"]

1. e4 c6 2. d4 d5 3. Nc3 dxe4 4. Nxe4 Nd7 5. Nf3 Ngf6 6. Nxf6+ Nxf6 7. Bc4 Bf5 8. 0-0 e6 9. Bg5 Be7 10. Re1 h6 11. Bh4 0-0 12. Ne5 Qc7 13. c3 Rfd8 14. Qf3 Rac8 15. Nxf7 Bg4 16. Nxh6+ gxh6 17. Bxe6+ Bxe6 18. Rxe6 Kf7 19. Rae1 Rd6 20. Rxf6+ 1-0

[Event "Tipaza U2200 op"]
[Site "Tipaza"]
[Date "2019.05.01"]
[Round "2"]
[White "Blaghdji, Mohamed Rabie"]
[Black "Ghlib, Boutouchent"]
[Result "0-1"]
[WhiteElo "1555"]
[BlackElo "2071"]
[PlyCount "36"]
[EventDate "2019.05.01"]
[EventType "swiss"]
[EventRounds "9"]
[EventCountry "ALG"]
[SourceTitle "CBM 190 Extra"]
[Source "ChessBase"]
[SourceDate "2019.07.15"]
[SourceVersion "1"]
[SourceVersionDate "2019.07.15"]
[SourceQuality "1"]

1. e4 c5 2. Nf3 e6 3. d4 cxd4 4. Nxd4 a6 5. Nc3 b5 6. a3 Bb7 7. Be3 Qc7 8. f3 Nf6 9. Be2 d5 10. exd5 Nxd5 11. Nxd5 Bxd5 12. Nb3 Bd6 13. Bg1 Nd7 14. g3 0-0 15. Bf2 Rfc8 16. Rc1 Bxb3 17. cxb3 Qxc1 18. Qxc1 Rxc1+ 0-1

[Event "ALG-ch sf"]
[Site "Tiaret"]
[Date "2017.03.29"]
[Round "1"]
[White "Ghlib, Boutouchent"]
[Black "Benrekia, Akram"]
[Result "1-0"]
[WhiteElo "2074"]
[BlackElo "1825"]
[PlyCount "89"]
[EventDate "2017.03.29"]
[EventType "swiss"]
[EventRounds "7"]
[EventCountry "ALG"]
[SourceTitle "EXT 2018"]
[Source "ChessBase"]
[SourceDate "2017.10.13"]
[SourceVersion "1"]
[SourceVersionDate "2017.10.13"]
[SourceQuality "1"]

1. d4 Nf6 2. Nf3 e6 3. e3 b6 4. Bd3 Bb7 5. Nbd2 d5 6. 0-0 Bd6 7. b3 0-0 8. Bb2 Nbd7 9. Ne5 Ne4 10. f4 f5 11. Rf3 Ndf6 12. Rh3 c5 13. Ndf3 Qe8 14. Qe2 Rc8 15. Ng5 Nxg5 16. fxg5 Bxe5 17. dxe5 Ne4 18. Bxe4 fxe4 19. Rg3 Qe7 20. Rf1 Rxf1+ 21. Qxf1 c4 22. g6 hxg6 23. bxc4 Rxc4 24. Qe2 Ba6 25. h3 Ra4 26. Qg4 Rxa2 27. Bd4 Rxc2 28. Qxg6 Qf7 29. Qg5 Rc8 30. Kh2 Be2 31. Qh4 b5 32. Rg5 b4 33. Qe1 Qe7 34. h4 Rc2 35. Qb1 Bd3 36. Qb3 Rc6 37. Qa4 Ra6 38. Qd1 Ra3 39. Qg4 Ra5 40. Rg6 Ba6 41. h5 Kh7 42. Rxe6 Qf7 43. Rg6 Qc7 44. h6 gxh6 45. Qh5 1-0

[Event "ALG Cup"]
[Site "Blida et Alger"]
[Date "2016.10.13"]
[Round "3.6"]
[White "Ghlib, Boutouchent"]
[Black "Saifi, Walid"]
[Result "0-1"]
[WhiteElo "2098"]
[BlackElo "2021"]
[PlyCount "71"]
[EventDate "2016.10.12"]
[EventType "k.o."]
[EventRounds "14"]
[EventCountry "ALG"]
[SourceTitle "EXT 2024"]
[Source "ChessBase"]
[SourceDate "2023.10.10"]
[SourceVersion "1"]
[SourceVersionDate "2023.10.10"]
[SourceQuality "1"]

1. d4 Nf6 2. Nf3 g6 3. Nc3 Bg7 4. e4 d6 5. Bf4 c5 6. e5 Nh5 7. Be3 cxd4 8. Bxd4 Nc6 9. Bb5 0-0 10. Bxc6 bxc6 11. exd6 exd6 12. 0-0 Bh6 13. Re1 Nf4 14. Ne4 f5 15. Ng3 Bb7 16. Be3 Nh3+ 17. gxh3 f4 18. Bd2 fxg3 19. Bxh6 gxf2+ 20. Kxf2 Qh4+ 21. Kg2 Qxh6 22. Re7 Rxf3 23. Rxb7 Qxh3+ 24. Kg1 Qg4+ 25. Kh1 Qe4 26. Kg1 Raf8 27. Qe2 Qg4+ 28. Qg2 Qd4+ 29. Kh1 Rf2 30. Qh3 Qe4+ 31. Kg1 h5 32. Rd1 Rd2 33. Qb3+ d5 34. Rxd2 Qe1+ 35. Kg2 Qxd2+ 36. Kh3 0-1

[Event "Algiers op 4th"]
[Site "Algiers"]
[Date "2016.02.25"]
[Round "7"]
[White "Ghlib, Boutouchent"]
[Black "Barsov, Alexei"]
[Result "0-1"]
[WhiteElo "2131"]
[BlackElo "2459"]
[PlyCount "95"]
[EventDate "2016.02.21"]
[EventType "swiss"]
[EventRounds "9"]
[EventCountry "ALG"]
[SourceTitle "CBM 171 Extra"]
[Source "ChessBase"]
[SourceDate "2016.04.26"]
[SourceVersion "1"]
[SourceVersionDate "2016.04.26"]
[SourceQuality "1"]

1. d4 d5 2. Nf3 Nf6 3. Nbd2 Bf5 4. c4 e6 5. Qb3 Nc6 6. a3 Na5 7. Qc3 Nxc4 8. Nxc4 dxc4 9. Qxc4 Qd5 10. Qxd5 exd5 11. Bf4 Bd6 12. Be5 Ke7 13. e3 h6 14. Be2 a5 15. 0-0 a4 16. Rfc1 Rhc8 17. Bxd6+ cxd6 18. Ne1 Rc6 19. Bd3 Bxd3 20. Nxd3 Rac8 21. Rxc6 bxc6 22. Rc1 Kd7 23. f3 Kc7 24. Kf2 Kb6 25. h4 c5 26. g4 Ng8 27. e4 dxe4 28. fxe4 f6 29. h5 Ne7 30. d5 g5 31. hxg6 Nxg6 32. Rh1 Rh8 33. Rh5 c4 34. Nc1 Ne5 35. Ke3 Kc5 36. Ne2 Nxg4+ 37. Kf4 Nf2 38. Kf5 Re8 39. Nc3 Re5+ 40. Kg6 Rxh5 41. Kxh5 Kd4 42. Kxh6 Nxe4 43. Nxa4 f5 44. Nb6 f4 45. a4 f3 46. a5 f2 47. a6 f1Q 48. a7 0-1

[Event "Arab Cities-chT"]
[Site "Monastir"]
[Date "2015.11.07"]
[Round "1"]
[White "Ghlib, Boutouchent"]
[Black "Miswadah, Baha"]
[Result "1/2-1/2"]
[WhiteElo "2145"]
[BlackElo "1862"]
[PlyCount "37"]
[EventDate "2015.11.07"]
[EventType "team-tourn"]
[EventRounds "7"]
[EventCountry "TUN"]
[SourceTitle "CBM 170 Extra"]
[Source "ChessBase"]
[SourceDate "2016.02.25"]
[SourceVersion "1"]
[SourceVersionDate "2016.02.25"]
[SourceQuality "1"]
[WhiteTeam "Alger ASSN"]
[BlackTeam "Qods"]
[WhiteTeamCountry "ALG"]
[BlackTeamCountry "PLE"]

1. e4 c5 2. Nf3 g6 3. d4 cxd4 4. Nxd4 Bg7 5. Nc3 Nc6 6. Be3 Nf6 7. Bc4 0-0 8. Bb3 a5 9. f3 d5 10. exd5 Nb4 11. Ndb5 a4 12. Nxa4 Nfxd5 13. Bd4 Rxa4 14. Bxa4 Bxd4 15. Qxd4 Qa5 16. Nc3 Qxa4 17. Qxd5 Qxc2 18. Qd2 Nd3+ 19. Ke2 1/2-1/2

[Event "Bejaia op"]
[Site "Bejaia"]
[Date "2015.01.22"]
[Round "2"]
[White "Borisek, Jure"]
[Black "Ghlib, Boutouchent"]
[Result "1-0"]
[WhiteElo "2573"]
[BlackElo "2079"]
[PlyCount "87"]
[EventDate "2015.01.22"]
[EventType "swiss"]
[EventRounds "7"]
[EventCountry "ALG"]
[SourceTitle "CBM 164 Extra"]
[Source "ChessBase"]
[SourceDate "2015.03.02"]
[SourceVersion "1"]
[SourceVersionDate "2015.03.02"]
[SourceQuality "1"]

1. e4 c5 2. Nf3 d6 3. d4 cxd4 4. Nxd4 Nf6 5. Nc3 a6 6. Be3 e5 7. Nf3 Be7 8. Bc4 h6 9. 0-0 0-0 10. Qe2 Qc7 11. Nh4 Kh7 12. Nf5 Bxf5 13. exf5 Nbd7 14. Rad1 Rac8 15. Bb3 Nc5 16. Nd5 Nxd5 17. Bxd5 Na4 18. c3 Nb6 19. Bxb6 Qxb6 20. Rd3 Qc7 21. Qe4 Kh8 22. Bxb7 Rb8 23. Bxa6 Rxb2 24. Bc4 Rb6 25. Bd5 Rb5 26. a4 Rb2 27. Bc6 Rc8 28. Bb5 Qb6 29. Qd5 Rf8 30. Bc4 Qa7 31. a5 Rfb8 32. g3 Bd8 33. Qxd6 Bxa5 34. f6 Qc7 35. Qxc7 Bxc7 36. Rd7 Ba5 37. fxg7+ Kxg7 38. Rxf7+ Kg6 39. Rf3 Kg7 40. Bd5 Rc2 41. Ra1 Bb6 42. Ra6 Rb2 43. Rf7+ Kh8 44. Kg2 1-0

[Event "ALG-chT"]
[Site "Staoueli"]
[Date "2014.08.26"]
[Round "8.3"]
[White "Ghlib, Boutouchent"]
[Black "Benlaid, Lakhdar"]
[Result "1-0"]
[WhiteElo "2074"]
[BlackElo "1856"]
[PlyCount "51"]
[EventDate "2014.08.22"]
[EventType "team-swiss"]
[EventRounds "9"]
[EventCountry "ALG"]
[SourceTitle "EXT 2016"]
[Source "ChessBase"]
[SourceDate "2015.10.08"]
[SourceVersion "1"]
[SourceVersionDate "2015.10.08"]
[SourceQuality "1"]
[WhiteTeam "Malki NRM"]
[BlackTeam "Constantine CEA"]
[WhiteTeamCountry "ALG"]
[BlackTeamCountry "ALG"]

1. e4 c5 2. Nf3 d6 3. d4 cxd4 4. Nxd4 Nf6 5. Nc3 g6 6. Be3 Bg7 7. h3 Nc6 8. Qd2 Bd7 9. Bc4 Rc8 10. Bb3 a6 11. 0-0-0 Ne5 12. Bh6 0-0 13. h4 Nc4 14. Bxc4 Rxc4 15. Bxg7 Kxg7 16. h5 Rh8 17. h6+ Kg8 18. g4 Qa5 19. Nb3 Qb6 20. e5 Ne8 21. Nd5 Qd8 22. Qg5 f6 23. exf6 exf6 24. Qe3 Kf7 25. Rhe1 Rc8 26. Qe7+ 1-0

[Event "ALG-chT"]
[Site "Staoueli"]
[Date "2014.08.25"]
[Round "6.3"]
[White "Aknouche, Amer"]
[Black "Ghlib, Boutouchent"]
[Result "0-1"]
[WhiteElo "2099"]
[BlackElo "2074"]
[PlyCount "64"]
[EventDate "2014.08.22"]
[EventType "team-swiss"]
[EventRounds "9"]
[EventCountry "ALG"]
[SourceTitle "EXT 2016"]
[Source "ChessBase"]
[SourceDate "2015.10.08"]
[SourceVersion "1"]
[SourceVersionDate "2015.10.08"]
[SourceQuality "1"]
[WhiteTeam "Constantine CEC"]
[BlackTeam "Malki NRM"]
[WhiteTeamCountry "ALG"]
[BlackTeamCountry "ALG"]

1. d4 Nf6 2. Nf3 d5 3. e3 c5 4. Bd3 Nc6 5. c3 Bg4 6. Qa4 Bxf3 7. gxf3 e6 8. Nd2 a6 9. dxc5 Bxc5 10. Rg1 g6 11. Qh4 Nh5 12. Qh3 Qf6 13. Nb3 Bd6 14. f4 e5 15. fxe5 Qxe5 16. Be2 Ng7 17. f4 Qe7 18. Bd2 0-0 19. 0-0-0 Bxf4 20. Rg4 Be5 21. Rdg1 Bf6 22. Qf1 Rac8 23. h4 h5 24. R4g2 Bxh4 25. Qf4 Bf6 26. Rh1 Qe4 27. Qf1 Nb4 28. Kd1 Qb1+ 29. Bc1 Nf5 30. Qf3 Qc2+ 31. Ke1 Nd3+ 32. Bxd3 Qxd3 0-1

[Event "ALG-chT"]
[Site "Staoueli"]
[Date "2014.08.25"]
[Round "7.2"]
[White "Ghlib, Boutouchent"]
[Black "Djaballah, Farouk"]
[Result "1/2-1/2"]
[WhiteElo "2074"]
[BlackElo "2038"]
[PlyCount "38"]
[EventDate "2014.08.22"]
[EventType "team-swiss"]
[EventRounds "9"]
[EventCountry "ALG"]
[SourceTitle "EXT 2016"]
[Source "ChessBase"]
[SourceDate "2015.10.08"]
[SourceVersion "1"]
[SourceVersionDate "2015.10.08"]
[SourceQuality "1"]
[WhiteTeam "Malki NRM"]
[BlackTeam "Bejaia BCE"]
[WhiteTeamCountry "ALG"]
[BlackTeamCountry "ALG"]

1. e4 c5 2. Nf3 d6 3. d4 cxd4 4. Nxd4 Nf6 5. Nc3 a6 6. Bg5 e6 7. f4 Nbd7 8. Qf3 Qc7 9. 0-0-0 b5 10. e5 Bb7 11. Qh3 dxe5 12. Nxe6 fxe6 13. Qxe6+ Be7 14. Bxb5 axb5 15. Nxb5 Qb6 16. Nd6+ Kd8 17. Bxf6 gxf6 18. Nf7+ Ke8 19. Nd6+ Kd8 1/2-1/2

[Event "ALG-ch sf"]
[Site "Algiers"]
[Date "2014.01.12"]
[Round "6"]
[White "Ghlib, Boutouchent"]
[Black "Djaballah, Farouk"]
[Result "1-0"]
[WhiteElo "2086"]
[BlackElo "2051"]
[PlyCount "57"]
[EventDate "2014.01.10"]
[EventType "swiss"]
[EventRounds "7"]
[EventCountry "ALG"]
[SourceTitle "CBM 158 Extra"]
[Source "ChessBase"]
[SourceDate "2014.02.28"]
[SourceVersion "1"]
[SourceVersionDate "2014.02.28"]
[SourceQuality "1"]

1. e4 c5 2. Nf3 d6 3. d4 cxd4 4. Nxd4 Nf6 5. Nc3 a6 6. Bg5 e6 7. f4 Nbd7 8. Qe2 Qc7 9. 0-0-0 Be7 10. g4 b5 11. Bg2 Bb7 12. e5 dxe5 13. fxe5 Nd5 14. Bxe7 Nxc3 15. bxc3 Kxe7 16. Bxb7 Qxb7 17. Rhf1 Rac8 18. Qe3 h6 19. Qf4 Rhf8 20. Rf3 Qc7 21. Re1 g5 22. Qe3 b4 23. cxb4 Qc4 24. a3 Nb6 25. Rf2 Qa2 26. Nf5+ exf5 27. Qxb6 Qa1+ 28. Kd2 Rfd8+ 29. Qd6+ 1-0